Máximos goleadores de la Ligue 1 - Estadísticas

Estadísticas generales
  • Esta prueba ha sido intentada 33 veces
  • La puntuación promedio es 1 de 15
Estadísticas de respuestas
Goles Nacionalidad Goles por equipo(s) Jugador % Correcto
191 Francia Mónaco (16), París Saint-Germain (175) Kylian Mbappé
94%
179 Argentina Stade de Reims (107), París Saint-Germain (64), Racing Estrasburgo (8) Carlos Bianchi
19%
164 Francia OGC Niza (42), Stade de Reims (122) Just Fontaine
16%
255 Francia Olympique Lyon (123), Saint-Étienne (14), Girondins de Bordeaux (118) Bernard Lacombe
3%
299 Argentina Stade de Reims (39), Mónaco (157), Tours (64), Sporting Toulon Var (39) Delio Onnis
3%
163 Francia Girondins de Bordeaux (158), Olympique de Marsella (5) Alain Giresse
0%
187 Francia Olympique de Lyon (182), Red Star (5) Fleury Di Nallo
0%
179 Suecia Olympique de Marsella (169), Girondins de Bordeaux (10) Gunnar Andersson
0%
173 Marruecos Nîmes Olympique (119), Stade de Reims (48), Mónaco (6) Hassan Akesbi
0%
216 Francia Saint-Étienne (175), OGC Niza (41) Hervé Revelli
0%
169 Francia Lille (167), CO Roubaix-Tourcoing (2) Jean Baratte
0%
190 Francia Stade Français (3), Sète (15), Nîmes Olympique (38), OGC Niza (59), Racing París (75) Joseph Ujlaki
0%
210 Francia Sochaux-Montbéliard (209), Troyes (1) Roger Courtois
0%
203 Francia Nancy (92), Stade de Reims (105), OGC Niza (6) Roger Piantoni
0%
206 Francia Metz (45), Racing París (152), Valenciennes (9) Thadée Cisowski
0%
No se encontraron pruebas coincidentes
Distribución de puntuación
Porcentaje de gente con cada puntuación
Porcentaje por número respondido
Historial de tus puntuaciones
No has intentado esta prueba.